=LDR 00000nam 2200000 4500 =001 INLIS000000000031670 =005 20130612133729 =008 ***********************************ind** =035 ##$$0010-061300000031670 =041 ##$$a ind =082 ##$$a 028.5 =090 ##$$a 028.5, Tur p =100 ##$$a Turyana, Asep T =245 ##$$a Para Utusan, , The Messengers =250 ##$$a Seri Teladan Nabi Luth AS =260 ##$$a Epsilon Grup $b Bandung =300 ##$$a 23 hlm, , ilus, , 15 cm =650 ##$$a BACAAN ANAK-ANAK =700 ##$$a Sanjari, Anno D =850 ##$$a NBPNMAT